Promovamos la paz con la naturaleza

Kaydedildi:
Detaylı Bibliyografya
Müşterek Yazar: Presidencia de la República
Materyal Türü: Metin
Baskı/Yayın Bilgisi: San José: Oficina de Apoyo de la Presidencia de la República
Etiketler: Etiketle
Etiket eklenmemiş, İlk siz ekleyin!

MARC

LEADER 00000 a a2200000 04500
001 25101
003
040
090 |a 179300  
110 |a Presidencia de la República  
245 |a Promovamos la paz con la naturaleza  
260 |a San José:   |b Oficina de Apoyo de la Presidencia de la República  
300 |a 12 p.  
999 |c 17134  |d 17134